| 000 | 00000nam 2200000zi 4500 |
| 001 | 9.891509 |
| 003 | CaOODSP |
| 005 | 20250911101202 |
| 006 | m o d f |
| 007 | cr ||||||||||| |
| 008 | 200708t20152020quca o f000 0 fre d |
| 040 | |aCaOODSP|bfre|erda|cCaOODSP |
| 043 | |an-cn--- |
| 086 | 1 |aP29-003-018-5-2020F-PDF |
| 245 | 00|aMéthodes d'essai des produits pétroliers et produits connexes : |bdosage de l'odorisant (éthylmercaptan) dans le propane, méthode sur le terrain. |
| 246 | 10|aDosage de l'odorisant (éthylmercaptan) dans le propane, méthode sur le terrain |
| 250 | |a[Édition de septembre 2020]. |
| 264 | 1|aGatineau (Québec) Canada : |bOffice des normes générales du Canada : |bConseil canadien des normes, |c2015. |
| 264 | 4|c©2020 |
| 300 | |a1 ressource en ligne (i, 10 pages) : |billustrations. |
| 336 | |atexte|btxt|2rdacontent/fre |
| 337 | |ainformatique|bc|2rdamedia/fre |
| 338 | |aressource en ligne|bcr|2rdacarrier/fre |
| 490 | 1 |aNorme nationale du Canada ; |vCAN/CGSB-3.0 No 18.5-2015 |
| 500 | |a« Remplace CAN/CGSB-3.0 No 18.5-2006, Confirmée septembre 2020. » |
| 500 | |a« Expérience et excellence » -- Couverture. |
| 500 | |aPublié aussi en anglais sous le titre: Methods of testing petroleum and associated products : test for ethyl mercaptan odorant in propane, field method. |
| 520 | |a« La présente méthode porte sur le dosage semi‑quantitatif de l'éthylmercaptan (concentration entre 5 et 48 mg/L) utilisé pour odoriser le propane liquide afin de confirmer que du propane qui vient d'être odorisé possède la concentration d'odorisant requise. Nous présentons deux modes opératoires qui sont destinés à être utilisés sur le terrain et qui peuvent être employés par des techniciens ne travaillant pas en laboratoire, mais qui ont reçu la formation appropriée. Une méthode de chromatographie en phase gazeuse devrait être utilisée pour obtenir un dosage quantitatif plus précis de l'éthylmercaptan dans le propane » -- Objet, page 1. |
| 650 | 6|aPropane|xEssais|xNormes|zCanada. |
| 710 | 2 |aConseil canadien des normes, |eorganisme de publication. |
| 710 | 2 |aOffice des normes générales du Canada, |eorganisme de publication. |
| 775 | 08|tMethods of testing petroleum and associated products : |w(CaOODSP)9.891506 |
| 794 | |tMéthodes d'essai des produits pétroliers et produits connexes : |b[Édition de septembre 2025]|w(CaOODSP)9.953617 |
| 795 | |tMéthodes d'essai des produits pétroliers et produits connexes |b[Édition d'août 2015]|w(CaOODSP)9.838478 |
| 830 | #0|aNorme nationale du Canada ;|vCAN/CGSB-3.0 No 18.5-2015.|w(CaOODSP)9.504227 |
| 856 | 40|qPDF|s886 Ko|uhttps://publications.gc.ca/collections/collection_2020/ongc-cgsb/P29-003-018-5-2020-fra.pdf |
| 986 | |aICS 71.040.40 |